000 00955nam a2200217Ii 4500
003 JO-AjNU
008 230605s9999||||xx |||||||||||||| ||und||
017 _a2007/7/2354
040 _aJO-AjNU
_bara
_erda
_cJO-AjNU
041 _aara
050 1 4 _aHF 5635.A892 2008
100 3 _aخداش، حسام الدين/ م.مشارك علي ذنيبات,
_eauthor
_945202
245 0 0 _aمحاسبة التكاليف، المحاسبة الادارية، النظرية المحاسبية، معايير التدقيق الدولية: المادة العلمية والعملية للتأهيل لامتحان المحاسب القانوني الاردني=JCPA Review، ج2
250 _aط1
264 3 1 _aعمان: شركة صرح العالمية للاستشارات،2008
300 _aج2، 273ص
336 _atext
_btxt
_2rdacontent
337 _aunmediated
_bn
_2rdamedia
338 _avolume
_bnc
_2rdacarrier
650 4 _aالمحاسبة
_945203
999 _aA19576
_c23144
_d23144